000 00491pab a2200193 454500
008 180718b2007 xxu||||| |||| 00| 0 eng d
100 _aHamnett, Chris
245 _aSocial background, ethnicity, school composition and educational attainment in East London
260 _c2007
300 _ap.1255-280
362 _aJun
650 _aSchools
650 _aEducation
700 _aButler, Tim
700 _aRamsden, Mark
773 _aUrban Studies
908 _aN
909 _a75648
999 _c75648
_d75648